| 000 | 00408nam a2200133 a 4500 | ||
|---|---|---|---|
| 005 | 20140414131858.0 | ||
| 008 | 100827s19uu xx 00 eng d | ||
| 050 |
_aFIL _bB31 2006 |
||
| 100 | _aVillanueva, Rene O. | ||
| 245 |
_aAng batang natutong magsabi ng totoo : _bThe child who is truthful. |
||
| 260 |
_aManila, Philippines : _bLampara, _c2004. |
||
| 440 | _aGrandfather Uban's stories | ||
| 999 |
_c110561 _d110561 |
||